Loading...
| Current Events | 3 | 16.67 | 100% | 67% | 0% |
| Fine Arts - Classical Music | 6 | 8.33 | 17% | 50% | 17% |
| Fine Arts - Other | 4 | 7.50 | 50% | 25% | 0% |
| Fine Arts - Painting & Sculpture | 8 | 3.75 | 38% | 0% | 0% |
| Geography | 1 | 30.00 | 100% | 100% | 100% |
| History - American | 5 | 10.00 | 60% | 40% | 0% |
| History - European | 3 | 6.67 | 67% | 0% | 0% |
| History - Other | 6 | 11.67 | 100% | 17% | 0% |
| History - World | 10 | 9.00 | 80% | 10% | 0% |
| Literature - American | 4 | 17.50 | 100% | 50% | 25% |
| Literature - British | 4 | 15.00 | 100% | 25% | 25% |
| Literature - European | 8 | 8.75 | 63% | 13% | 13% |
| Literature - World | 5 | 10.00 | 80% | 20% | 0% |
| Mythology | 2 | 15.00 | 100% | 50% | 0% |
| Other Academic | 7 | 11.43 | 71% | 43% | 0% |
| Philosophy | 6 | 6.67 | 67% | 0% | 0% |
| Religion | 5 | 12.00 | 100% | 20% | 0% |
| Science - Biology | 6 | 10.00 | 83% | 17% | 0% |
| Science - Chemistry | 6 | 5.00 | 50% | 0% | 0% |
| Science - Other | 5 | 10.00 | 80% | 20% | 0% |
| Science - Physics | 4 | 15.00 | 100% | 50% | 0% |
| Social Science | 7 | 11.43 | 86% | 29% | 0% |